000 00511nam a2200193 a 4500
001 1768117516423
003 YourLibrary
005 20260112125816.0
008 260111s2004##################000#0#eng##
020 _a9780335209750
082 0 4 _a302.2345
_bART
100 1 _aArthurs, Jane,
_eauthor.
245 1 0 _aTelevision And Sexuality :
260 _bMcGraw-Hill Education (UK),
_c2004.
300 _a204 pages
650 0 _aSocial Science.
942 _cENGLISH
040 _aYourLibrary
_beng
_cYourLibrary
999 _c608330
_d608330